Արևմտահայերենի և արևելահայերենի տերմինային համակարգերի զուգադրական քննություն / (Record no. 343154)
[ view plain ]
| 000 -LEADER | |
|---|---|
| fixed length control field | 01478nam a2200253 a 4500 |
| 001 - CONTROL NUMBER | |
| control field | 001053583 |
| 003 - CONTROL NUMBER IDENTIFIER | |
| control field | AM-YeHGA |
| 005 - DATE AND TIME OF LATEST TRANSACTION | |
| control field | 20250618074343.0 |
| 008 - FIXED-LENGTH DATA ELEMENTS--GENERAL INFORMATION | |
| fixed length control field | 150114s2014 ai r 000 0 arm d |
| 020 ## - INTERNATIONAL STANDARD BOOK NUMBER | |
| International Standard Book Number | 9789939502724 |
| 040 ## - CATALOGING SOURCE | |
| Original cataloging agency | AM-YeHGA |
| 041 0# - LANGUAGE CODE | |
| Language code of text/sound track or separate title | arm |
| 090 ## - LOCALLY ASSIGNED LC-TYPE CALL NUMBER (OCLC); LOCAL CALL NUMBER (RLIN) | |
| -- | 344950 |
| 245 00 - TITLE STATEMENT | |
| Title | Արևմտահայերենի և արևելահայերենի տերմինային համակարգերի զուգադրական քննություն / |
| Statement of responsibility, etc. | Կազմ.՝ Ն.Գ. Հովհաննիսյան, Ս.Կ. Տիոյան, Ա.Ս. Գալստյան; ՀՀ Սփյուռքի նախարարություն. |
| 246 15 - VARYING FORM OF TITLE | |
| Title proper/short title | Сопостовительное исследование терминов западноармянского и восточноармянского языков / |
| 260 ## - PUBLICATION, DISTRIBUTION, ETC. | |
| Place of publication, distribution, etc. | Երևան : |
| Name of publisher, distributor, etc. | Ասողիկ, |
| Date of publication, distribution, etc. | 2014. |
| 300 ## - PHYSICAL DESCRIPTION | |
| Extent | 230 էջ ; |
| Dimensions | 21 սմ. |
| 650 14 - SUBJECT ADDED ENTRY--TOPICAL TERM | |
| Topical term or geographic name entry element | Արևմտահայերենի լեզու |
| General subdivision | Տերմինային համակարգի զուգադրական քննություն արևելահայերենի հետ |
| 650 14 - SUBJECT ADDED ENTRY--TOPICAL TERM | |
| Topical term or geographic name entry element | Հայոց լեզու |
| General subdivision | Տերմինային համակարգի զուգադրական քննություն արևմտահայերենի հետ |
| 700 1# - ADDED ENTRY--PERSONAL NAME | |
| Personal name | Հովհաննիսյան, Ն.Գ |
| Relator term | կազմ. |
| Relationship | com |
| 700 1# - ADDED ENTRY--PERSONAL NAME | |
| Personal name | Տիոյան, Սուսաննա Կարապետի, |
| Dates associated with a name | 1945- |
| Relator term | կազմ. |
| Relationship | com |
| 9 (RLIN) | 4067 |
| 700 1# - ADDED ENTRY--PERSONAL NAME | |
| Personal name | Գալստյան, Ա.Ս. |
| Relator term | կազմ. |
| Relationship | com |
| 710 2# - ADDED ENTRY--CORPORATE NAME | |
| Corporate name or jurisdiction name as entry element | ՀՀ Սփյուռքի նախարարություն |
| Withdrawn status | Lost status | Damaged status | Not for loan | Collection | Home library | Current library | Date acquired | Cost, normal purchase price | Shelving control number | Total checkouts | Full call number | Barcode | Date last seen | Price effective from | Koha item type | Public note | Source of classification or shelving scheme |
|---|---|---|---|---|---|---|---|---|---|---|---|---|---|---|---|---|---|
| General | Fundamental Scientific Library | Fundamental Scientific Library | 09/01/2017 | 2500.00 | AII/100420 | FL0335108 | 09/01/2017 | 09/01/2017 | Գրքեր / Books | 30 Days Loan | |||||||
| General | Fundamental Scientific Library | Fundamental Scientific Library | 15/11/2017 | AII/102913 | FL0465891 | 15/11/2017 | 15/11/2017 | Գրքեր / Books | 30 Days Loan | Universal Decimal Classification | |||||||
| General | Fundamental Scientific Library | Fundamental Scientific Library | 21/05/2019 | AII/104769 | FL0579507 | 21/05/2019 | 21/05/2019 | Գրքեր / Books | 30 Days Loan | Universal Decimal Classification | |||||||
| General | Fundamental Scientific Library | Fundamental Scientific Library | 22/05/2019 | AII/104770 | FL0579530 | 22/05/2019 | 22/05/2019 | Գրքեր / Books | 30 Days Loan | Universal Decimal Classification |
ՀՀ Գիտությունների ազգային ակադեմիայի հիմնարար գիտական գրադարան = Fundamental Scientific Library of NAS RA
All site content, except where otherwise noted, is licensed under a